Tourism and the developing countries / (Record no. 122929)
[ view plain ]
| 000 -LEADER | |
|---|---|
| fixed length control field | 00730nam a22002417a 4500 |
| 005 - DATE AND TIME OF LATEST TRANSACTION | |
| control field | 20170124105917.0 |
| 010 ## - LIBRARY OF CONGRESS CONTROL NUMBER | |
| LC control number | B-219771 |
| 020 ## - INTERNATIONAL STANDARD BOOK NUMBER | |
| Terms of availability | 600.00 |
| International Standard Book Number | 9788174452917 |
| 035 ## - SYSTEM CONTROL NUMBER | |
| System control number | B-219771 |
| 037 ## - SOURCE OF ACQUISITION | |
| Source of stock number/acquisition | Cen Lib/Ret |
| 040 ## - CATALOGING SOURCE | |
| Original cataloging agency | DPL |
| Language of cataloging | EN |
| 082 ## - DEWEY DECIMAL CLASSIFICATION NUMBER | |
| Classification number | 338.4791 |
| Item number | KAB |
| 100 ## - MAIN ENTRY--PERSONAL NAME | |
| Personal name | Kabia, Sunil K. |
| 9 (RLIN) | 3122 |
| 245 ## - TITLE STATEMENT | |
| Title | Tourism and the developing countries / |
| Statement of responsibility, etc | by Sunil K. Kabia |
| 260 ## - PUBLICATION, DISTRIBUTION, ETC. (IMPRINT) | |
| Place of publication, distribution, etc | New Delhi |
| Name of publisher, distributor, etc | Mohit Publications |
| Date of publication, distribution, etc | 2005 |
| 270 ## - ADDRESS | |
| City | New Delhi |
| Address | 4675/21, Ansari Road, Darya Ganj |
| Postal code | 110002 |
| 300 ## - PHYSICAL DESCRIPTION | |
| Extent | v,300p. |
| Dimensions | 22cmHb) |
| 500 ## - GENERAL NOTE | |
| General note | Includes index |
| 650 ## - SUBJECT ADDED ENTRY--TOPICAL TERM | |
| Topical term or geographic name as entry element | Travel and Tourism |
| 9 (RLIN) | 102335 |
| 650 ## - SUBJECT ADDED ENTRY--TOPICAL TERM | |
| Topical term or geographic name as entry element | Developing country-Tourism |
| 9 (RLIN) | 3124 |
| 650 ## - SUBJECT ADDED ENTRY--TOPICAL TERM | |
| Topical term or geographic name as entry element | |
| 9 (RLIN) | 102336 |
| 942 ## - ADDED ENTRY ELEMENTS (KOHA) | |
| Source of classification or shelving scheme | Dewey Decimal Classification |
| Koha item type | English Books |
| Classification part | 338.4791 |
| Call number suffix | KAB |
| Withdrawn status | Lost status | Damaged status | Not for loan | Collection code | Home library | Current library | Date acquired | Source of acquisition | Cost, normal purchase price | Total Checkouts | Full call number | Barcode | Date last seen | Copy number | Cost, replacement price | Price effective from | Koha item type | Date checked out |
|---|---|---|---|---|---|---|---|---|---|---|---|---|---|---|---|---|---|---|
| Not For Loan | Reference | Central Library | Central Library | 30/05/2015 | Cen Lib/Ret | 600.00 | 338.4791 KAB | B-219771 | 30/05/2015 | 2 | 600.00 | 15/09/2016 | English Books | |||||
| Central Library | Central Library | 01/07/2015 | Cen Lib/Ret | 600.00 | 1 | 338.4791 KAB | B-219770 | 12/07/2019 | 1 | 600.00 | 01/07/2015 | English Books | 27/06/2019 |
